000 01045nmm a2200289 a 4500
001 ocm000984814
003 TR-IsHL
005 20201028153751.0
008 150411s2014 tu tur
007 cr cn
020 _a9786053847038
035 _a984814
_b(N$T)
050 0 4 _aP95
_b.A3519 2014
090 0 4 _aP95
_b.A3519 2014
100 1 _aAiles, Roger
245 1 0 _aMesaj sizsiniz: güçlü bir iletişim için ilk 7 saniyenin önemi
_h[electronic resource] /
_cRoger Ailes ; çeviri Tanıl Yaşar
260 _aİstanbul :
_bYakamoz Kitap,
_c2014
300 _a313 p.
500 _aYapıt adı başında: "Kendiniz olun, istediğinizi elde edin" Özgün yapıt adı: You are the message
_x
650 4 _aMedya ve İletişim
650 4 _aCommunication & Media
650 0 _aSözlü iletişim
650 0 _aOral communication
650 7 _aLANGUAGE ARTS & DISCIPLINES / Speech
_2bisacsh
700 1 _aYaşar, Tanıl
856 4 0 _uhttp://search.ebscohost.com/login.aspx?direct=true&scope=site&db=e011xww&AN=984814
999 _c12223
_d12223